000 00275nam a2200109Ia 4500
005 20251222175720.0
008 251222s9999||||xx |||||||||||||| ||spa||
082 _aDVD0080/M48/2011
245 0 _aLos Ășltimos cristeros: The last Christeros
264 _bIDTV Film
942 _cCD
999 _c40328
_d40328